Cenový spravodajca
Prehľad smerných orientačných cien polotovarov. Náklady na prevádzku stavebných strojov a zariadení. Indexy cien stavebných prác na precenenie rozpočtov do CÚ 1. štvrťrok 2004 spracované pomocou pomeru indexov cien stavebných prác ŠÚ SR podľa klasifikácie stavieb.
Enregistré dans:
| Format: | Chapitre de livre |
|---|---|
| Langue: | slovaque |
| Sujets: | |
| Tags: |
Pas de tags, Soyez le premier à ajouter un tag!
|
MARC
| LEADER | 00000naa$a2200000$$$4500 | ||
|---|---|---|---|
| 001 | 0008507 | ||
| 005 | 20230927110950.9 | ||
| 041 | 0 | |a slo | |
| 044 | |a SK | ||
| 245 | 1 | 0 | |a Cenový spravodajca |
| 520 | |a Prehľad smerných orientačných cien polotovarov. Náklady na prevádzku stavebných strojov a zariadení. Indexy cien stavebných prác na precenenie rozpočtov do CÚ 1. štvrťrok 2004 spracované pomocou pomeru indexov cien stavebných prác ŠÚ SR podľa klasifikácie stavieb. | ||
| 610 | 2 | 0 | |a ceny |
| 610 | 2 | 0 | |a relácie cenové |
| 610 | 2 | 0 | |a oceňovanie |
| 610 | 2 | 0 | |a stroje stavebné |
| 610 | 2 | 0 | |a stavebníctvo |
| 610 | 2 | 0 | |a 2004 |